Design And Development Of A Mobile Wireless Video Streaming Mote (Record no. 233606)

MARC details
000 -LEADER
fixed length control field 00893nam a2200145Ia 4500
008 - FIXED-LENGTH DATA ELEMENTS--GENERAL INFORMATION
fixed length control field 231221s9999 xx 000 0 und d
041 ## - LANGUAGE CODE
Language code of text/sound track or separate title English
082 ## - DEWEY DECIMAL CLASSIFICATION NUMBER
Classification number CPEC15-1081
100 ## - MAIN ENTRY--PERSONAL NAME
Personal name Bhuvanesh, D. Manjunath Hegde. Manikandan, J.
245 #0 - TITLE STATEMENT
Title Design And Development Of A Mobile Wireless Video Streaming Mote
260 ## - PUBLICATION, DISTRIBUTION, ETC.
Date of publication, distribution, etc. 2015
500 ## - GENERAL NOTE
General note Design And Development Of A Mobile Wireless Video Streaming Mote Bhuvanesh D, Manjunath Hegde and Manikandan J Department of Telecommunication, PES Institute of Technology, Bangalore Crucible of Research and Innovation (CORI), PES University, Bangalore Department of ECE, PES University, Bangalore Email: manikandanj@pes.edu 5th IEEE Int. Conf. on Wireless Communications, Vehicular Technology, Information Theory and Aerospace and Electronic Systems, Hyderabad, December 2015
650 ## - SUBJECT ADDED ENTRY--TOPICAL TERM
Topical term or geographic name entry element Wireless,Streaming,Mote
942 ## - ADDED ENTRY ELEMENTS (KOHA)
Koha item type Institutional repository
Holdings
Date last seen Total checkouts Full call number Accession number Price effective from Category Lost status Damaged status Department Withdrawn status Home library Current library Shelving location Entry date Grants Currency symbol Conversion rate Discount Old discount
26/01/2024   CPEC15-1081 IR1081 26/01/2024 Institutional repository     EC   Central Library Central Library Central Library   EC RS 1    

© For any Suggestions or Query, please contact the library staff @ librarian@pes.edu or Phone: +9180 2672 1983/ 2108.